Game of Thrones Vocabulary Quiz - Statistics

General Stats
  • This quiz has been taken 369 times
  • The average score is 6 of 15
Answer Stats
Fictional Word Translation % Correct
Khaleesi Queen / Wife of a Khal
96%
Khal King / Warlord
95%
Valar morghulis All men must die
88%
Mhysa Mother
80%
Drakarys Dragonfire
69%
Valar dohaeris All men must serve
60%
Vaes City
37%
Khalasar Tribe
32%
Dovaogedys Unsullied
25%
Daor No
18%
Qoy qoyi Blood of my blood
11%
Kessa Yes
11%
Me nem nesa It is known
3%
Mag Great
2%
Kraz Strong
0%
No matching quizzes found
Score Distribution
Percent of People with Each Score
Percentile by Number Answered
Your Score History
You have not taken this quiz